Países que comparten estas regiones - Estadísticas

Estadísticas generales
  • Esta prueba ha sido intentada 322 veces
    319 desde el último reinicio
  • La puntuación promedio es 18 de 23
Estadísticas de respuestas
Región Pais % Correcto
Patagonia Argentina
96%
Patagonia Chile
96%
Atacama Chile
96%
*Galicia España
96%
Atacama Peru
91%
*Galicia Portugal
90%
Saint Martin Francia
88%
Schleswig Alemania
87%
Tyrol Suiza
82%
Kashmir India
81%
Tyrol Italia
80%
Karelia Rusia
76%
Kashmir China
74%
Kashmir Pakistan
74%
*Galicia Polonia
71%
Saint Martin Países Bajos
69%
Hispaniola Haiti
68%
Schleswig Dinamarca
67%
Hispaniola República Dominicana
67%
*Galicia Ucrania
63%
Karelia Finlandia
55%
Bačka Hungría
47%
Bačka Serbia
46%
No se encontraron pruebas coincidentes
Distribución de puntuación
Porcentaje de gente con cada puntuación
Porcentaje por número respondido
Historial de tus puntuaciones
No has intentado esta prueba desde el último reinicio